00263nam a22000977a 4500008004100000082001600041100001700057245003800074260004400112300000900156230620b xxu||||| |||| 00| 0 eng d a320.91bPYE cLucian W.Pye aAspect of a political Development acanadabLittle, Brown and Companyc1960 a205p